| 000 | 00526nam a2200193Ia 4500 | ||
|---|---|---|---|
| 005 | 20250508154244.0 | ||
| 008 | 008 250505s9999 xx 000 0 eng d | ||
| 037 | _aTextual | ||
| 040 |
_aFEDL _beng _cFEDL |
||
| 041 |
_aeng _2eng |
||
| 084 |
_a301.2, JEF _qFEDL |
||
| 100 |
_aJeffreys M.V.C. _9759651 |
||
| 245 | 0 | _aMystery of man | |
| 260 |
_aLondon, UK _bSir Isaac Pitman and Sons Limited _c1957 |
||
| 300 | _avii,111p. | ||
| 650 | _aSociology | ||
| 942 |
_cTEXL _h301.2, JEF |
||
| 999 |
_c1349168 _d1349168 |
||